Statistics for Poland True or False?

Click here to take the quiz!

General Stats

  • This quiz has been taken 140 times
  • The average score is 12 of 15

Answer Stats

QuestionAnswer% Correct
The colors of the Polish flag are white and redTrue
98%
The currency is the złotyTrue
98%
Poland borders RussiaTrue
95%
There are wild polar bears in PolandFalse
91%
Gdańsk used to be known as DanzigTrue
89%
Polish uses the cyrillic alphabetFalse
86%
The Danube passes through PolandFalse
84%
More than 50% of people belong to the Eastern Orthodox churchFalse
80%
Poland did not exist as an independent country throughout the 19th centuryTrue
80%
Olympic Games have been held in PolandFalse
79%
Poland is larger by area than the United KingdomTrue
78%
The Solidarity movement resisted Nazi occupationFalse
68%
Poland's population is shrinkingTrue
67%
Goulash is a traditional Polish dishFalse
62%
Mass is commonly celebrated with vodka instead of wineFalse
52%

Score Distribution

Percentile by Number Answered

Percent of People with Each Score

Your Score History

You have not taken this quiz